Quizzes
Events
Quiz Creation
Community
Videos
Private Events
Remove Ads
Sign In
Join for FREE
Feedback
Dark Mode
Quiz Categories
Sports
Geography
Music
Movies
Television
Just For Fun
Miscellaneous
History
Literature
Language
Science
Gaming
Entertainment
Religion
Holiday
For Kids
Quiz Lab
Recent
Popular Today
Quiz Kudos Today
Editor Picks
Curator Picks
Quizzes by...
Day
Popularity
Type
Ratings
Length
Year
Community
Subscriptions
Recent Discussions
Orange Saloon
Badges
Playlists
Quests
Create
Leaderboards
Showdown
Live 5
Trivia Bingo
Activity
Puzzle Library
Sporcle Events
Private Events
Virtual Trivia
Globe League
Become a Host
Pub Owners
SporcleCon
Opinionation
Our Games
Videos
Blog
Mobile Apps
Partnerships
Remove Ads and Go Orange
Feedback
Music
Pop Music
The Beatles
Song
Album
Lyrics
Bands
Singers
Artist
Clip
Rock
Rap
Classical
Billboard
Country Music
Kpop
Taylor Swift
Music
Pop Music
The Beatles
Song
Album
Lyrics
Bands
Singers
Artist
Clip
Rock
Rap
Classical
Billboard
Country Music
Kpop
Taylor Swift
Random Quiz
Search Sporcle
×
Quiz Lab
Quiz Lab
Music
muse
Type in answers that appear in a list
Type in answers that appear in a list
Classic
Best Score? Go Orange.
Muse Songs Stats
Can you name the Muse Songs?
By
x_Muse_Lover_x
8m
71 Questions
41 Plays
41 Plays
41 Plays
Comments
Comments
Give Quiz Kudos
Give Quiz Kudos
-
- Ratings
hide this ad
Random Order
Randomize order of answers
Randomize order of answers
Replay
Link that replays current quiz
Next Quiz
Link to next quiz in quiz playlist
You Got
0%
They Got
Avg Score
54%
Avg Friend Score
Upgrade to see
Score Distribution
Jump to the score distribution portion of the page
Score
0/71
Timer
08:00
0
Plays Today
% Correct
Showbiz
80.5%
Hysteria
80.5%
Sunburn
78%
New Born
78%
Plug In Baby
78%
Starlight
78%
Bliss
75.6%
Uprising
75.6%
Muscle Museum
73.2%
Time Is Running Out
73.2%
Knights of Cydonia
73.2%
Resistance
73.2%
Sing For Absolution
70.7%
Stockholm Syndrome
68.3%
Exo-Politics
68.3%
Cave
65.9%
Unintended
65.9%
Citizen Erased
65.9%
Thoughts of a Dying Atheist
65.9%
Map of the Problematique
65.9%
Uno
63.4%
Space Dementia
63.4%
Megalomania
63.4%
Take A Bow
63.4%
Hyper Music
61%
Fillip
58.5%
Intro
58.5%
Interlude
58.5%
Butterflies and Hurricanes
58.5%
Assassin
58.5%
MK Ultra
58.5%
Sober
56.1%
Hate This And I'll Love You
56.1%
Feeling Good
56.1%
Apocalypse Please
56.1%
Soldier's Poem
56.1%
% Correct
Invincible
56.1%
City Of Delusion
56.1%
Hoodoo
56.1%
I Belong to You
56.1%
Micro Cuts
53.7%
Screenager
53.7%
Undisclosed Desires
53.7%
Escape
51.2%
Darkshines
51.2%
Ruled by Secrecy
51.2%
Glorious
51.2%
United States of Eurasia
51.2%
Falling Away With You
48.8%
The Small Print
48.8%
Endlessly
48.8%
Unnatural Selection
46.3%
Exogenesis Symphony Part 1
46.3%
Falling Down
43.9%
Overdue
43.9%
Futurism
43.9%
Blackout
43.9%
Guiding Light
43.9%
Exogenesis Symphony Part 2
43.9%
Exogenesis Symphony Part 3
43.9%
Map of Your Head
36.6%
Ashamed
34.1%
Shrinking Universe
29.3%
Nature_1
29.3%
Forced In
24.4%
The Gallery
24.4%
Hyper Chondriac Music
24.4%
Recess
22%
Supermasive Black Hole
19.5%
Yes Please
14.6%
Shine Acoustic
12.2%
Quiz Playlist
Details
Report
Send in Message
Add To Playlist
Classic:
Type in answers that appear in a list
Random Order:
Randomize order of answers
Last Updated: Feb 16, 2017
Quiz Scoreboard
CHALLENGE
Sign Up to Join the Scoreboard
Show All
Scores
Hide
Comments
May contain spoilers
Recently Published
Presidents Visiting Landmarks
by Hejman
History
7m
An Introduction to Baseball
by treessimontrees
Sports
5m
Movies - When Are They Set?
by FPL_Elf
Movies
5m
More to Explore
Quiz From the Vault
Featured Blog Post
Where Did the Easter Bunny Come From?
hide this ad
You Might Also Like...
Tags
Alternative Music
muse
Today's Top Quizzes in Music
Browse Music
hide this ad
Today's Top Quizzes in muse
Browse muse
Top Contributed Quizzes in Music
1
Taylor Swift All Songs (2024)
2
Guess the Artist- 70s Songs
3
One Thing in Common: Music
4
KPOP LOGIC QUIZ
5
2010s Album by Cover III
6
Taylor Swift Logic Puzzle
7
Guess the Taylor Swift song (Mystery Song)
8
7-to-1: Billboard Hot 100 #1 Hits of 2010s
9
2010s Album by Cover IV
10
2010s Album by Cover V
Explore More
Trending Topics
Harry Potter
Marvel
Anime
Disney
Crossword
NBA
Kpop
Soccer
Song
Country
WWE
The Office
Puzzle
Pokémon
NFL
hide this ad
More By:
x_Muse_Lover_x
Quiz
Plays
Rating
Category
Featured
Created
Pink ****** Perfect
187
3.60
Music
Feb 25, 2011
Muse First Liners
135
2.20
Music
Feb 22, 2011
Muse Songs
41
5.00
Music
Feb 22, 2011
Go to Creator's Profile
Score Distribution
Quiz Creator Spotlight
x_Muse_Lover_x
Follow
Send a Message
Quizzes Created
-
Created Quiz Play Count
-
More By This Creator
Popular Quizzes Today
1
Find the Countries of Europe - No Outlines Minefield
2
Find the US States - No Outlines Minefield
3
The Countries of the World
4
Popular People in 1961
5
Find the US States
6
US States
7
Risky Map Clicking: Biggest States A-Z
8
1-10 Letter E Words III
More Music Quizzes
🎼 SGT PEPPER side 1: Line by line
Quiz Lab
Trending Quizzes
Risky Map Clicking: Least Populous States A-Z
1-10 Letter F Words
1-10 Letter G Words
One Thing in Common: United Kingdom
Risky Map Clicking: Next State Alphabetically
Recently Updated
Leaping Animals
pecheneg
Reality TV Shows (A-Z)
bhenderson79
Rickey Henderson's Hall of Fame Teammates
pecheneg
Champions League XIs: Arsenal
pecheneg
Quick Pick: Celebrities in WWE's Hall of Fame
aduchscher
A-Z Keypad Blitz II
pecheneg
Multiple Oscar Actors
pecheneg
Mystery Phrase Blitz: Oscar 'Best Actors'
pecheneg
F. Scott Fitzgerald Novels
LTH
Pick 3 Villains
ddd62291
Trending Topics
Anime
Harry Potter
Marvel
Crossword
NBA
Kpop
Disney
Song
The Office
Soccer
Puzzle
WWE
Country
NFL
Pokémon
Your Account Isn't Verified!
In order to create a playlist on Sporcle, you need to verify the email address you used during registration. Go to your
Sporcle Settings
to finish the process.
Report this User
Report this user for behavior that violates our
Community Guidelines
.
Details:
Send Report
Go to the Sporcle.com Mobile Site →
Comments